Normal view
MARC view
- MANUFACUTURING RSOURCE PLANNING INVENTORY CONTROL DATA PROCESSING PRODUCTION CONTROL DATA PROCESSING
Entry Topical Term
001 - CONTROL NUMBER
- control field: 65824
003 - CONTROL NUMBER IDENTIFIER
- control field: NUST
005 - DATE AND TIME OF LATEST TRANSACTION
- control field: 20210628203509.0
008 - FIXED-LENGTH DATA ELEMENTS
- fixed length control field: 210628|| aca||aabn | a|a d
040 ## - CATALOGING SOURCE
- Original cataloging agency: NUST
- Transcribing agency: NUST
150 ## - HEADING--TOPICAL TERM
- Topical term or geographic name entry element: MANUFACUTURING RSOURCE PLANNING INVENTORY CONTROL DATA PROCESSING PRODUCTION CONTROL DATA PROCESSING
670 ## - SOURCE DATA FOUND
- Source citation: Work cat.: (NUST): Plossl, George 65823, Orlicky's material requirements planning, 1994
